| 000 | 00549nam a2200181 4500 | ||
|---|---|---|---|
| 001 | 139062 | ||
| 003 | ES-MaACL | ||
| 005 | 20230906195709.0 | ||
| 007 | t| | ||
| 008 | 070214s1970 sp r ||||1| spa d | ||
| 100 | 1 |
_aSarano, Jacques. _9103758 |
|
| 245 | 1 | 3 |
_aLa soledad humana / _cJacques Sarano ; traducción de J. Sans Vila, M. T. San Martín. |
| 260 |
_aSalamanca : _bSígueme, _c1970. |
||
| 300 |
_a198 p. ; _c19 cm. |
||
| 700 | 1 |
_aSans Vila, Jorge. _9103212 |
|
| 700 | 1 |
_aSan Martín, M. T. _9102264 |
|
| 852 |
_aES-MaACL _jC-47075 _bR.75633 |
||
| 999 |
_c139062 _d139062 |
||